Southville International School and Colleges
Your cart is empty.
  • Cart
  • Lists
    Public lists Eva Luna New books Lux_list list_1
    Your lists Log in to create your own lists
  • Log in to your account
  • Your cookies
  • Search history
Southville International School and Colleges
  • Advanced search
  • Recent comments
  • Most popular
  • Libraries

Log in to your account

Log in with GOOGLE


If you do not have an external account, but do have a local account, you can still log in:

  1. Home
  2. MARC view: Social research methods /
Normal view MARC view ISBD view

Social research methods / (Record no. 290851)

[ view plain ]
MARC details
000 -LEADER
fixed length control field 00773nam a2200277Ia 4500
008 - FIXED-LENGTH DATA ELEMENTS--GENERAL INFORMATION
fixed length control field 160216s9999 xx 000 0 und d
020 ## - INTERNATIONAL STANDARD BOOK NUMBER
International Standard Book Number 978-1-4129-1062-0
050 ## - LIBRARY OF CONGRESS CALL NUMBER
Classification number MAIN H62
050 ## - LIBRARY OF CONGRESS CALL NUMBER
Item number .W35 2006
100 ## - MAIN ENTRY--PERSONAL NAME
Personal name Walliman, Nicholas
245 ## - TITLE STATEMENT
Title Social research methods /
245 ## - TITLE STATEMENT
Statement of responsibility, etc Nicholas Wallimas.
260 ## - PUBLICATION, DISTRIBUTION, ETC. (IMPRINT)
Place of publication, distribution, etc London :
260 ## - PUBLICATION, DISTRIBUTION, ETC. (IMPRINT)
Name of publisher, distributor, etc SAGE Pub., Ltd.
260 ## - PUBLICATION, DISTRIBUTION, ETC. (IMPRINT)
Date of publication, distribution, etc 2006
300 ## - PHYSICAL DESCRIPTION
Extent 224 pages :
300 ## - PHYSICAL DESCRIPTION
Other physical details ill. ;
300 ## - PHYSICAL DESCRIPTION
Dimensions 24 cm.
500 ## - GENERAL NOTE
General note Includes bibliographical references and index.
650 ## - SUBJECT ADDED ENTRY--TOPICAL TERM
Topical term or geographic name as entry element Social sciences --
650 ## - SUBJECT ADDED ENTRY--TOPICAL TERM
Topical term or geographic name as entry element Social sciences --
650 ## - SUBJECT ADDED ENTRY--TOPICAL TERM
Topical term or geographic name as entry element Social sciences --
650 ## - SUBJECT ADDED ENTRY--TOPICAL TERM
General subdivision Methodology -- Study and teaching.
650 ## - SUBJECT ADDED ENTRY--TOPICAL TERM
General subdivision Research -- Methodology.
650 ## - SUBJECT ADDED ENTRY--TOPICAL TERM
General subdivision Research -- Study and teaching.
Holdings
Withdrawn status Lost status Damaged status Home library Current library Shelving location Date acquired Cost, normal purchase price Total Checkouts Full call number Barcode Date last seen Price effective from Koha item type
      South Mansfield College South Mansfield College Reserve Section   1.00   MAIN H 62 .W35 2006 SMC03395 02/16/2016 02/16/2016  

Social research methods /

APA

Walliman N., .Social research methods. London: .

Chicago

Walliman Nicholas, .Social research methods. London: .

Harvard

Walliman N., .Social research methods. London: .

MLA

Walliman Nicholas, .London: . .

  • Place hold
  • Print
  • Cite
  • Add to your cart (remove)
  • Save record
    BIBTEX Dublin Core MARCXML MARC (non-Unicode/MARC-8) MARC (Unicode/UTF-8) MARC (Unicode/UTF-8, Standard) MODS (XML) RIS
  • More searches
    Search for this title in:
    Other Libraries (WorldCat) Other Databases (Google Scholar) Online Stores (Bookfinder.com) Open Library (openlibrary.org)

Exporting to Dublin Core...

SOUTHVILLE LIBRARY

Southville International School and Colleges Library

1281 Tropical Ave. Cor. Luxembourg St., BF Homes International, Las Pinas City

Tel. No. 8256374 / 252358 Loc. 117/146

Powered by Koha